00846nam a2200205 i 450000100060000000300090000600500170001500700030003200800410003510000290007624501320010526000380023730000320027550000700030770000350037771000570041285200320046999900170050195201220051822680ES-MaACL20230906152735.0t|021204s1973 sp ||||1| spa d1 aAltisent, Miguel.92054813aEl canto gregoriano b: un modelo de música religiosa / cpor Miguel Altisent ; versión castellan de Vicente Pérez Jorge. aTarrega : bCamps Calmet, c1973. a257 p., 1 lám. ; c24 cm. aPrecede al tít.: Conservatorio Superior Municipal de Barcelona.1 aPérez Jorge, Vicente.9909572 aConservatorio Superior Municipal de Barcelona.93256 aES-MaACLjC-55440 bR.88189 c22680d22680 00104070aATENEOMbATENEOMcDEPO2d2008-01-17eSCl0oC-55440p1023351r2023-02-23 00:00:00w2023-02-23yMONOGRAFIA